Veľkosť miestnych samospráv verzus rozsah a efektívnosť poskytovaných služieb

Napriek významným presunom pôsobností zo štátnej správy na samosprávu obcí a fiškálnej decentralizácii, zvyšujúcej mieru finančnej nezávislosti obcí od štátu, sa dostatočne nepreukázala efektívnosť decentralizačného procesu. Mnohé sociálno-ekonomické analýzy dokumentujú, že jednou zo základných príč...

Descrizione completa

Salvato in:
Dettagli Bibliografici
Autore principale: Hamalová, Marta
Natura: Capitolo di libro
Lingua:slovacco
Soggetti:
Tags: Aggiungi Tag
Nessun Tag, puoi essere il primo ad aggiungerne!!

MARC

LEADER 00000nla$a2200000$$$4500
001 0129225
005 20221107083905.5
041 0 |a slo 
044 |a SK 
245 1 0 |a Veľkosť miestnych samospráv verzus rozsah a efektívnosť poskytovaných služieb  |c Marta Hamalová ... [et al.] 
520 |a Napriek významným presunom pôsobností zo štátnej správy na samosprávu obcí a fiškálnej decentralizácii, zvyšujúcej mieru finančnej nezávislosti obcí od štátu, sa dostatočne nepreukázala efektívnosť decentralizačného procesu. Mnohé sociálno-ekonomické analýzy dokumentujú, že jednou zo základných príčin neúspechu decentralizácie je značná rozdrobenosť sídelnej štruktúry a s ňou spojená nízka absorpčná kapacita malých obcí vykonávať zákonmi stanovený rozsah originálnych aj prenesených kompetencií. 
610 2 0 |a správa verejná 
610 2 0 |a reformy 
610 2 0 |a decentralizácia 
610 2 0 |a obce 
610 2 0 |a samospráva 
610 2 0 |a služba verejná 
610 2 0 |a Slovensko 
100 1 |a Hamalová, Marta